Any Food but Vegan Quiz Stats

Quiz Updated Oct 4, 2014

Challenge
Share
Tweet
Embed
Score 0/175 Timer 03:00
127 Plays Today
% Correct
???
42.1%
???
42%
???
42%
???
42%
???
41.9%
???
41.9%
???
41.9%
???
41.9%
???
41.9%
???
41.9%
???
41.9%
???
41.9%
???
41.9%
???
41.9%
???
41.8%
???
41.8%
???
41.8%
???
41.8%
???
41.8%
???
41.8%
???
41.8%
???
41.8%
???
41.7%
???
41.7%
???
41.7%
???
41.7%
???
41.7%
???
41.7%
???
41.7%
???
41.7%
???
41.7%
???
41.7%
???
41.7%
???
41.6%
???
41.6%
???
41.6%
???
41.6%
???
41.6%
???
41.5%
???
41.5%
???
41.5%
???
41.5%
???
41.5%
???
41.5%
???
41.5%
???
41.5%
???
41.5%
???
41.5%
???
41.5%
???
41.4%
???
41.4%
???
41.4%
???
41.4%
???
41.4%
???
41.4%
???
41.4%
???
41.4%
???
41.4%
???
41.3%
% Correct
???
41.3%
???
41.3%
???
41.3%
???
41.3%
???
41.3%
???
41.3%
???
41.2%
???
41.2%
???
41.2%
???
41.2%
???
41.2%
???
41.2%
???
41.1%
???
41.1%
???
41.1%
???
41.1%
???
41.1%
???
41%
???
41%
???
41%
???
40.9%
???
40.9%
???
40.9%
???
40.9%
???
40.8%
???
40.7%
???
40.7%
???
40.7%
???
40.6%
???
40.6%
???
40.6%
???
40.5%
???
40.5%
???
40.3%
???
40.3%
???
40.3%
???
40.2%
???
40.2%
???
40.1%
???
40%
???
39.9%
???
39.8%
???
39.8%
???
39.8%
???
39.7%
???
39.7%
???
39.7%
???
39.6%
???
39.6%
???
39.5%
???
39.4%
???
39.2%
???
39.2%
???
39.1%
???
39%
???
39%
???
39%
???
39%
???
38.9%
% Correct
???
38.6%
???
38.5%
???
37.7%
???
37.7%
???
37.6%
???
37.6%
???
37.5%
???
37.5%
???
37.5%
???
37.5%
???
37.5%
???
37.2%
???
37.3%
???
37.1%
???
37.1%
???
37%
???
36.8%
???
36.8%
???
36.5%
???
36.4%
???
36.4%
???
36.2%
???
36.2%
???
36.1%
???
36.1%
???
36%
???
36%
???
35.9%
???
35.7%
???
35.7%
???
35.6%
???
35.6%
???
35.5%
???
35.4%
???
34.8%
???
34.7%
???
34.7%
???
34.6%
???
34.3%
???
34.2%
???
33.9%
???
33.6%
???
33.4%
???
33.3%
???
33.2%
???
32.9%
???
32.7%
???
31.9%
???
31.3%
???
30.7%
???
30.3%
???
29.4%
???
27%
???
26.9%
???
25.8%
???
20.5%
???
15.8%

You're not logged in!

Compare scores with friends on all Sporcle quizzes.
Sign Up with Email
OR
Log In

You Might Also Like...

Show Comments

Extras

Top Quizzes Today


Score Distribution

Your Account Isn't Verified!

In order to create a playlist on Sporcle, you need to verify the email address you used during registration. Go to your Sporcle Settings to finish the process.